| Tag |
First Indicator |
Second Indicator |
Subfields |
| LEADER |
00000cam a2200000 i 4500 |
| 001 |
in00003599413 |
| 005 |
20170928105709.0 |
| 008 |
150803t20152015onc b 001 0 eng |
| 020 |
|
|
|a 9781442631892 (bound)
|
| 020 |
|
|
|a 1442631899 (bound)
|
| 020 |
|
|
|a 9781442629080 (paperback)
|
| 020 |
|
|
|a 1442629088 (paperback)
|
| 035 |
|
|
|a (OCoLC)ocn907661855
|
| 040 |
|
|
|a NLC
|b eng
|e rda
|c NLC
|d CDX
|d C#P
|d UtOrBLW
|
| 043 |
|
|
|a e-it---
|
| 049 |
|
|
|a TXAM
|
| 050 |
|
4 |
|a PQ4053.M315
|b P53 2015
|
| 055 |
|
0 |
|a PQ4053 M315
|b P53 2015
|
| 082 |
0 |
|
|a 850.9/3556
|2 23
|
| 100 |
1 |
|
|a Pickering-Iazzi, Robin,
|e author.
|0 http://id.loc.gov/authorities/names/n87107235
|
| 245 |
1 |
4 |
|a The Mafia in Italian lives and literature :
|b life sentences and their geographies /
|c Robin Pickering-Iazzi.
|
| 264 |
|
1 |
|a Toronto ;
|a Buffalo :
|b University of Toronto Press,
|c [2015]
|
| 264 |
|
4 |
|c ©2015
|
| 300 |
|
|
|a ix, 271 pages ;
|c 24 cm.
|
| 336 |
|
|
|a text
|b txt
|2 rdacontent
|
| 337 |
|
|
|a unmediated
|b n
|2 rdamedia
|
| 338 |
|
|
|a volume
|b nc
|2 rdacarrier
|
| 490 |
1 |
|
|a Cultural spaces
|
| 490 |
1 |
|
|a Toronto Italian studies
|
| 504 |
|
|
|a Includes bibliographical references and index.
|
| 650 |
|
0 |
|a Mafia in literature.
|0 http://id.loc.gov/authorities/subjects/sh85079565
|
| 650 |
|
0 |
|a Crime in literature.
|0 http://id.loc.gov/authorities/subjects/sh94004444
|
| 650 |
|
0 |
|a Mafia
|z Italy
|x History.
|0 http://id.loc.gov/authorities/subjects/sh2010100275
|
| 650 |
|
0 |
|a Italian literature
|x History and criticism.
|0 http://id.loc.gov/authorities/subjects/sh85068829
|
| 830 |
|
0 |
|a Toronto Italian studies.
|0 http://id.loc.gov/authorities/names/n95026425
|
| 830 |
|
0 |
|a Cultural spaces.
|0 http://id.loc.gov/authorities/names/no2004059693
|
| 945 |
|
|
|a PromptCat
|b 404490
|
| 946 |
|
|
|a stk
|
| 947 |
|
|
|a A14842922909
|
| 948 |
|
|
|a cataloged
|b h
|c 2015/12/10
|d c
|e dmitchel
|f 9:30:20 am
|
| 994 |
|
|
|a 92
|b TXA
|
| 999 |
f |
f |
|s c1df8711-00d0-34ea-ae1c-36c8ff4533fd
|i afa3679f-d0b0-3b45-92d1-bf9ecbddcec6
|t 0
|
| 952 |
f |
f |
|p normal
|a Texas A&M University
|b College Station
|c Sterling C. Evans Library
|d Evans: Library Stacks
|t 0
|e PQ4053.M315 P53 2015
|h Library of Congress classification
|i unmediated -- volume
|m A14842922909
|
| 998 |
f |
f |
|a PQ4053.M315 P53 2015
|t 0
|l Evans: Library Stacks
|